00473nam a2200169Ia 4500008004100000082001200041082001400053100001900067245004000086260004400126260000700170300000800177600001900185630004000204700001900244730004000263151121s9999||||xx |||||||||||||| ||und|| a824/ROB bHNW-19459 aRobbins Lionel 3aAn Essay On The Nature Significance b"Macmillan And Co।, Ltd। N। York" c-- a158 aRobbins Lionel aAn Essay On The Nature Significance aRobbins Lionel aAn Essay On The Nature Significance